[Event "Baden Wuerttemberg-ch Seniors 65+ op"]
[Site "Freudenstadt"]
[Date "2019.07.09"]
[Round "5"]
[White "Engbrecht, Helmut"]
[Black "Selig, Rainer"]
[Result "0-1"]
[WhiteElo "2001"]
[BlackElo "2090"]
[PlyCount "134"]
[EventDate "2019.07.05"]
[EventType "swiss"]
[EventRounds "9"]
[EventCountry "GER"]
[SourceTitle "EXT 2020"]
[Source "ChessBase"]
[SourceDate "2019.10.17"]
[SourceVersion "1"]
[SourceVersionDate "2019.10.17"]
[SourceQuality "1"]

1. e4 c6 2. Nc3 d5 3. Nf3 dxe4 4. Nxe4 Nf6 5. Nxf6+ exf6 6. Bc4 Bd6 7. Qe2+ Qe7 8. Qxe7+ Kxe7 9. h3 Rd8 10. 0-0 Nd7 11. d4 Kf8 12. c3 Nb6 13. Bb3 Bf5 14. Ne1 Re8 15. Be3 Nd5 16. Bxd5 cxd5 17. Nf3 b5 18. Rfe1 a5 19. Bd2 Be4 20. Nh2 Rec8 21. f3 Bf5 22. g4 Bd7 23. Kg2 b4 24. Rac1 Ra7 25. Nf1 Rac7 26. Ng3 bxc3 27. Rxc3 Rxc3 28. Bxc3 a4 29. Nf5 Bxf5 30. gxf5 g6 31. fxg6 hxg6 32. Rc1 Ke7 33. Bd2 Rc4 34. Be3 Ke6 35. Kf1 f5 36. f4 g5 37. fxg5 f4 38. b3 Rb4 39. Bf2 axb3 40. axb3 Rxb3 41. h4 Rb6 42. Kg2 Kf5 43. Rc3 f6 44. gxf6 Kxf6 45. Kf3 Kf5 46. Rd3 Be7 47. Rc3 Bf6 48. Ra3 Rb4 49. Rd3 Rb2 50. Be1 Rh2 51. Rd2 Rh3+ 52. Kg2 Rb3 53. h5 Kg4 54. h6 Rh3 55. Bf2 Rxh6 56. Ra2 Rh5 57. Ra6 Rf5 58. Ra8 f3+ 59. Kh2 Bg5 60. Re8 Bf4+ 61. Kg1 Rh5 62. Rg8+ Rg5 63. Re8 Rg6 64. Re7 Rb6 65. Kf1 Rb1+ 66. Re1 Rxe1+ 67. Bxe1 Be3 0-1

[Event "Schleswig Holstein-ch Seniors op 11th"]
[Site "Buesum"]
[Date "2017.09.12"]
[Round "5"]
[White "Engbrecht, Helmut"]
[Black "Nowack, Achim"]
[Result "1-0"]
[WhiteElo "1981"]
[BlackElo "1705"]
[PlyCount "89"]
[EventDate "2017.09.08"]
[EventType "swiss"]
[EventRounds "9"]
[EventCountry "GER"]
[SourceTitle "EXT 2019"]
[Source "ChessBase"]
[SourceDate "2018.10.10"]
[SourceVersion "1"]
[SourceVersionDate "2018.10.10"]
[SourceQuality "1"]

1. e4 d6 2. Nc3 g6 3. Nf3 Bg7 4. d4 c6 5. Bc4 Nf6 6. e5 dxe5 7. Nxe5 0-0 8. 0-0 Nd5 9. Nxd5 cxd5 10. Bb3 e6 11. f4 Nd7 12. c3 Qb6 13. Qe2 Nf6 14. Bc2 Bd7 15. Bd3 Rac8 16. g4 Bc6 17. a4 a6 18. Be3 Be8 19. h4 Ne4 20. Bxe4 dxe4 21. g5 Qc7 22. Bd2 f6 23. gxf6 Bxf6 24. Qxe4 Bxe5 25. Qxe5 Qxe5 26. fxe5 Bc6 27. Bh6 Rxf1+ 28. Kxf1 Bd5 29. Ke2 Rc7 30. Bg5 Rc6 31. Kd3 Bc4+ 32. Kc2 Bd5 33. b3 Be4+ 34. Kd2 Rc7 35. c4 Rd7 36. Kc3 Kg7 37. Bf6+ Kh6 38. a5 Kh5 39. b4 h6 40. b5 g5 41. Re1 Bf5 42. hxg5 hxg5 43. bxa6 bxa6 44. d5 Rc7 45. d6 1-0

[Event "Baden Wuerttemberg-ch Seniors op 3rd"]
[Site "Freudenstadt"]
[Date "2017.07.01"]
[Round "2"]
[White "Engbrecht, Helmut"]
[Black "Wolf, Walter"]
[Result "0-1"]
[WhiteElo "1973"]
[BlackElo "2105"]
[PlyCount "98"]
[EventDate "2017.06.30"]
[EventType "swiss"]
[EventRounds "9"]
[EventCountry "GER"]
[SourceTitle "EXT 2019"]
[Source "ChessBase"]
[SourceDate "2018.10.10"]
[SourceVersion "1"]
[SourceVersionDate "2018.10.10"]
[SourceQuality "1"]

1. e4 e5 2. Nc3 Nf6 3. Nf3 d6 4. d4 Nbd7 5. dxe5 dxe5 6. Bc4 Bd6 7. Bg5 h6 8. Bh4 Nc5 9. Qe2 c6 10. 0-0-0 Qe7 11. Nd2 0-0 12. f3 a6 13. g4 b5 14. Bb3 a5 15. a4 b4 16. Ncb1 Nxb3+ 17. Nxb3 Qe6 18. Bf2 Be7 19. h4 Nd7 20. Be3 c5 21. Qf2 c4 22. Nc5 Qc6 23. Nxd7 Bxd7 24. g5 h5 25. Qd2 Be6 26. Qh2 Bd6 27. Bf2 c3 28. Bg3 Bc5 29. Rhe1 cxb2+ 30. Kxb2 Bd4+ 31. Kc1 Rac8 32. Rd2 b3 33. Bxe5 Bxe5 34. Qxe5 Qxa4 35. c3 Rfd8 36. g6 Rxd2 37. Kxd2 Qd7+ 38. Ke3 Qa7+ 39. Kf4 Qf2 40. Rh1 Rf8 41. Qxa5 fxg6+ 42. Ke5 Qxf3 43. Rg1 Qf6+ 44. Kd6 Bg4+ 45. Kd5 Qf7+ 46. Kd6 Qe6+ 47. Kc5 Qxe4 48. Qb4 Rc8+ 49. Kd6 Qe6# 0-1

[Event "Schleswig Holstein-ch Seniors op 10th"]
[Site "Buesum"]
[Date "2016.10.01"]
[Round "6"]
[White "Engbrecht, Helmut"]
[Black "Dahlhaus, Friedhelm"]
[Result "1/2-1/2"]
[WhiteElo "1970"]
[BlackElo "2041"]
[PlyCount "68"]
[EventDate "2016.09.26"]
[EventType "swiss"]
[EventRounds "9"]
[EventCountry "GER"]
[SourceTitle "EXT 2019"]
[Source "ChessBase"]
[SourceDate "2018.10.10"]
[SourceVersion "1"]
[SourceVersionDate "2018.10.10"]
[SourceQuality "1"]

1. f4 Nf6 2. Nf3 d5 3. e3 g6 4. b3 Bg7 5. Bb2 0-0 6. Be2 c5 7. 0-0 Nc6 8. Ne5 Qc7 9. Bf3 Bf5 10. d3 Rad8 11. g4 Bc8 12. Nd2 Nxe5 13. Bxe5 Qd7 14. g5 Ne8 15. Bxg7 Nxg7 16. Bg2 Nf5 17. Bh3 Qc7 18. Bxf5 Bxf5 19. Qe1 e5 20. Qg3 exf4 21. exf4 Rfe8 22. Rfe1 c4 23. bxc4 dxc4 24. Nxc4 b5 25. Ne3 Bc8 26. h4 Qc3 27. h5 gxh5 28. f5 Qd4 29. g6 hxg6 30. fxg6 fxg6 31. Qxg6+ Qg7 32. Qxg7+ Kxg7 33. Ng2 Be6 34. Nf4 Bf7 1/2-1/2

[Event "Schleswig Holstein-ch Seniors op 10th"]
[Site "Buesum"]
[Date "2016.09.27"]
[Round "2"]
[White "Engbrecht, Helmut"]
[Black "Knaak, Joachim"]
[Result "1-0"]
[WhiteElo "1970"]
[BlackElo "2142"]
[PlyCount "81"]
[EventDate "2016.09.26"]
[EventType "swiss"]
[EventRounds "9"]
[EventCountry "GER"]
[SourceTitle "EXT 2019"]
[Source "ChessBase"]
[SourceDate "2018.10.10"]
[SourceVersion "1"]
[SourceVersionDate "2018.10.10"]
[SourceQuality "1"]

1. f4 d5 2. Nf3 c5 3. e3 g6 4. Bb5+ Bd7 5. Bxd7+ Nxd7 6. 0-0 Bg7 7. d4 Ngf6 8. Ne5 e6 9. Nc3 0-0 10. Ne2 Rc8 11. c3 b5 12. a4 b4 13. a5 Ne4 14. Bd2 bxc3 15. Bxc3 Nxe5 16. dxe5 Qc7 17. Ng3 Nxc3 18. bxc3 f6 19. Qg4 Rce8 20. exf6 Bxf6 21. Ne2 Bg7 22. Qf3 Qc6 23. Rfd1 Rd8 24. Rd2 Rd7 25. g4 g5 26. Qg2 gxf4 27. exf4 Qc7 28. h4 Qd8 29. g5 Rf5 30. Rb2 d4 31. Rab1 Qxa5 32. Qc6 Re7 33. Rb7 Rff7 34. f5 exf5 35. Rxe7 Rxe7 36. Qd5+ Kf8 37. Rb8+ Re8 38. Qxf5+ Ke7 39. Qe4+ Kd6 40. Rxe8 dxc3 41. Re6+ 1-0

[Event "Schleswig Holstein-ch Seniors op 10th"]
[Site "Buesum"]
[Date "2016.09.26"]
[Round "1"]
[White "Van Houten, Henk"]
[Black "Engbrecht, Helmut"]
[Result "0-1"]
[WhiteElo "1651"]
[BlackElo "1970"]
[PlyCount "61"]
[EventDate "2016.09.26"]
[EventType "swiss"]
[EventRounds "9"]
[EventCountry "GER"]
[SourceTitle "EXT 2019"]
[Source "ChessBase"]
[SourceDate "2018.10.10"]
[SourceVersion "1"]
[SourceVersionDate "2018.10.10"]
[SourceQuality "1"]

1. b3 e5 2. Bb2 Nc6 3. a3 d5 4. e3 Nf6 5. g3 Be7 6. Bg2 0-0 7. d3 Bg4 8. Ne2 Qd7 9. h3 Be6 10. Nd2 Ne8 11. Nf3 f6 12. e4 d4 13. c4 dxc3 14. Bxc3 Rd8 15. Nc1 Nd6 16. g4 Nb5 17. Bb2 Nbd4 18. 0-0 h5 19. Nxd4 Nxd4 20. Bxd4 Qxd4 21. Ra2 hxg4 22. hxg4 Qd7 23. Bf3 g5 24. Kg2 Kg7 25. Rh1 Rh8 26. Rxh8 Rxh8 27. Kg3 Rh4 28. Ra1 Qc8 29. Na2 Qh8 30. Qf1 Rh2 31. Nc3 0-1

[Event "Wuerttemberg-ch Seniors op 26th"]
[Site "Freudenstadt"]
[Date "2014.07.24"]
[Round "9"]
[White "Engbrecht, Helmut"]
[Black "Duerr, Hanno"]
[Result "1/2-1/2"]
[WhiteElo "2029"]
[BlackElo "1913"]
[PlyCount "30"]
[EventDate "2014.07.16"]
[EventType "swiss"]
[EventRounds "9"]
[EventCountry "GER"]
[SourceTitle "EXT 2019"]
[Source "ChessBase"]
[SourceDate "2018.10.10"]
[SourceVersion "1"]
[SourceVersionDate "2018.10.10"]
[SourceQuality "1"]

1. e4 c5 2. Nc3 Nc6 3. Nf3 e6 4. Bb5 Nf6 5. e5 Nd5 6. Nxd5 exd5 7. Bxc6 dxc6 8. d3 Be7 9. Bf4 Bg4 10. h3 Be6 11. Qd2 d4 12. 0-0 0-0 13. b3 Qd5 14. a4 h6 15. Kh2 Bg4 1/2-1/2

[Event "Wuerttemberg-ch Seniors op 26th"]
[Site "Freudenstadt"]
[Date "2014.07.23"]
[Round "8"]
[White "Reimann, Guenther"]
[Black "Engbrecht, Helmut"]
[Result "1/2-1/2"]
[WhiteElo "1932"]
[BlackElo "2029"]
[PlyCount "61"]
[EventDate "2014.07.16"]
[EventType "swiss"]
[EventRounds "9"]
[EventCountry "GER"]
[SourceTitle "EXT 2019"]
[Source "ChessBase"]
[SourceDate "2018.10.10"]
[SourceVersion "1"]
[SourceVersionDate "2018.10.10"]
[SourceQuality "1"]

1. c4 Nc6 2. d3 e5 3. Nf3 d5 4. Nbd2 Nf6 5. cxd5 Qxd5 6. g3 Bg4 7. Bg2 Qd8 8. 0-0 Bd6 9. Re1 0-0 10. b3 Bb4 11. Bb2 Re8 12. a3 Bxd2 13. Qxd2 Bxf3 14. Bxf3 Nd4 15. Bxd4 exd4 16. Rac1 c6 17. Rc5 Rc8 18. Rec1 Re6 19. b4 b6 20. R5c2 h6 21. Rc4 g5 22. Qc2 b5 23. Rc5 Qe7 24. Rxc6 Rexc6 25. Bxc6 Nd5 26. Qd2 Nc3 27. Bf3 Nxe2+ 28. Bxe2 Rxc1+ 29. Qxc1 Qxe2 30. Qc8+ Kg7 31. Qf5 1/2-1/2

[Event "Bad Woerishofen Seniors op 30th"]
[Site "Bad Woerishofen"]
[Date "2014.03.26"]
[Round "6"]
[White "Lange, Manfred"]
[Black "Engbrecht, Helmut"]
[Result "0-1"]
[WhiteElo "2089"]
[BlackElo "2037"]
[PlyCount "62"]
[EventDate "2014.03.21"]
[EventType "swiss"]
[EventRounds "9"]
[EventCountry "GER"]
[SourceTitle "EXT 2019"]
[Source "ChessBase"]
[SourceDate "2018.10.10"]
[SourceVersion "1"]
[SourceVersionDate "2018.10.10"]
[SourceQuality "1"]

1. e4 Nc6 2. d4 d5 3. exd5 Qxd5 4. Nf3 Bg4 5. Be2 e6 6. 0-0 Nf6 7. h3 Bh5 8. Bf4 0-0-0 9. g4 Bg6 10. Nc3 Qd7 11. Bb5 Bd6 12. Bg5 h5 13. Nh4 hxg4 14. Nxg6 fxg6 15. Bxf6 gxf6 16. Qxg4 f5 17. Qg2 Qh7 18. Bxc6 bxc6 19. Rfe1 Kd7 20. Re3 Qh4 21. Rae1 Rde8 22. d5 cxd5 23. Nb5 Bc5 24. Rg3 Reg8 25. Rd1 c6 26. Nc3 g5 27. Kf1 Bd6 28. Rgd3 g4 29. Nxd5 cxd5 30. Rxd5 exd5 31. Qxd5 Qxh3+ 0-1

[Event "Bad Woerishofen Seniors op 30th"]
[Site "Bad Woerishofen"]
[Date "2014.03.23"]
[Round "3"]
[White "Engbrecht, Helmut"]
[Black "Zwetz, Anita"]
[Result "1-0"]
[WhiteElo "2037"]
[BlackElo "1897"]
[PlyCount "85"]
[EventDate "2014.03.21"]
[EventType "swiss"]
[EventRounds "9"]
[EventCountry "GER"]
[SourceTitle "EXT 2019"]
[Source "ChessBase"]
[SourceDate "2018.10.10"]
[SourceVersion "1"]
[SourceVersionDate "2018.10.10"]
[SourceQuality "1"]

1. e4 e6 2. Nc3 d5 3. Nf3 Bb4 4. exd5 exd5 5. d4 Ne7 6. Bd3 Bg4 7. 0-0 Nbc6 8. Be3 a6 9. h3 Bh5 10. g4 Bg6 11. Ne2 h5 12. Bxg6 Nxg6 13. g5 Qd7 14. Kg2 Bd6 15. c3 Nce7 16. Ng3 h4 17. Ne2 0-0-0 18. b4 Nf5 19. Bc1 Rde8 20. Nfg1 f6 21. Qd3 c6 22. a4 Bc7 23. b5 cxb5 24. axb5 a5 25. Bd2 b6 26. Rac1 Qd6 27. Qxf5+ Kb8 28. f4 fxg5 29. Qxg5 Rhf8 30. Rce1 Re4 31. Nf3 Bd8 32. Qg4 Ne7 33. Ng5 Nf5 34. Nxe4 dxe4 35. Kh1 Qd5 36. Qg2 Rf6 37. c4 Qxc4 38. d5 Qxd5 39. Rd1 Qxb5 40. Rg1 Bc7 41. Nc3 Ng3+ 42. Qxg3 hxg3 43. Nxb5 1-0

[Event "Oeffingen op 4th"]
[Site "Oeffingen"]
[Date "2013.05.18"]
[Round "3"]
[White "Engbrecht, Helmut"]
[Black "Koch, Martin"]
[Result "0-1"]
[WhiteElo "1899"]
[BlackElo "1876"]
[PlyCount "62"]
[EventDate "2013.05.17"]
[EventType "swiss"]
[EventRounds "7"]
[EventCountry "GER"]
[SourceTitle "CBM 154 Extra"]
[Source "ChessBase"]
[SourceDate "2013.06.25"]
[SourceVersion "2"]
[SourceVersionDate "2013.06.25"]
[SourceQuality "1"]

1. e4 c5 2. Nc3 e6 3. Nf3 d6 4. d4 cxd4 5. Qxd4 a6 6. Be3 Nd7 7. Qd2 Ngf6 8. Bd3 Qc7 9. Bf4 Be7 10. h3 0-0 11. g4 b5 12. 0-0-0 Bb7 13. Rhe1 Rac8 14. Nd4 Rfe8 15. Bg3 b4 16. Nb1 Nc5 17. f3 e5 18. Nb3 Nfd7 19. h4 a5 20. Bb5 Bc6 21. Bxc6 Qxc6 22. Re3 a4 23. Nxc5 Nxc5 24. b3 Rc7 25. Kb2 Ra8 26. Qd5 Qa6 27. Rd2 axb3 28. axb3 Qa2+ 29. Kc1 Rca7 30. c4 Qxb1+ 31. Kxb1 Ra1+ 0-1

[Event "Bad Woerishofen Seniors op 28th"]
[Site "Bad Woerishofen"]
[Date "2012.03.08"]
[Round "7.23"]
[White "Engbrecht, Helmut"]
[Black "Semmler, Guenter"]
[Result "1/2-1/2"]
[WhiteElo "1886"]
[BlackElo "1826"]
[PlyCount "57"]
[EventDate "2012.03.02"]
[EventType "swiss"]
[EventRounds "9"]
[EventCountry "GER"]
[SourceTitle "EXT 2022"]
[Source "ChessBase"]
[SourceDate "2021.10.06"]
[SourceVersion "1"]
[SourceVersionDate "2021.10.06"]
[SourceQuality "1"]

1. e4 d6 2. Nc3 Nf6 3. d4 e5 4. Nf3 Nbd7 5. Be2 Be7 6. 0-0 0-0 7. Kh1 c6 8. Ne1 Re8 9. f4 exd4 10. Qxd4 Qb6 11. Qxb6 axb6 12. Be3 b5 13. Nd3 Bf8 14. Bf3 b4 15. Ne2 Nxe4 16. Nxb4 Ndf6 17. h3 d5 18. Nd3 Bd6 19. b4 Bd7 20. a4 Ra6 21. a5 Raa8 22. g4 Ng3+ 23. Nxg3 Rxe3 24. Rae1 Rxe1 25. Rxe1 Re8 26. Rxe8+ Nxe8 27. Kg2 Nc7 28. Kf2 f6 29. h4 1/2-1/2

[Event "Bad Woerishofen Seniors op 28th"]
[Site "Bad Woerishofen"]
[Date "2012.03.03"]
[Round "2.36"]
[White "Engbrecht, Helmut"]
[Black "Wagner, Gerhard"]
[Result "1/2-1/2"]
[WhiteElo "1886"]
[BlackElo "1590"]
[PlyCount "65"]
[EventDate "2012.03.02"]
[EventType "swiss"]
[EventRounds "9"]
[EventCountry "GER"]
[SourceTitle "EXT 2022"]
[Source "ChessBase"]
[SourceDate "2021.10.06"]
[SourceVersion "1"]
[SourceVersionDate "2021.10.06"]
[SourceQuality "1"]

1. e4 c5 2. Nc3 Nc6 3. Nf3 g6 4. Be2 Bg7 5. 0-0 Nf6 6. Ne1 e5 7. d3 d6 8. Bg5 Be6 9. Qd2 Nd4 10. Bh6 Nxe2+ 11. Nxe2 0-0 12. Bxg7 Kxg7 13. c4 Rb8 14. f4 b5 15. f5 Bd7 16. Ng3 bxc4 17. dxc4 Bc6 18. Qe2 Qb6 19. Nd3 a5 20. Rab1 Qb7 21. Nf2 a4 22. Rfd1 Rfd8 23. Rd2 Qa6 24. Ng4 Nxg4 25. Qxg4 Qxc4 26. Qg5 Bxe4 27. Rf1 Bd3 28. Nh5+ Kf8 29. fxg6 hxg6 30. Rxd3 Qxd3 31. Rxf7+ Kxf7 32. Qf6+ Ke8 33. Qe6+ 1/2-1/2

[Event "Fellbach Oeffingen op 2nd"]
[Site "Fellbach Oeffingen"]
[Date "2011.06.12"]
[Round "4"]
[White "Engbrecht, Helmut"]
[Black "Pudmensky, Stefan"]
[Result "1-0"]
[WhiteElo "1921"]
[BlackElo "1720"]
[PlyCount "123"]
[EventDate "2011.06.11"]
[EventType "swiss"]
[EventRounds "7"]
[EventCountry "GER"]
[SourceTitle "CBM 142 Extra"]
[Source "ChessBase"]
[SourceDate "2011.06.27"]
[SourceVersion "1"]
[SourceVersionDate "2011.06.27"]
[SourceQuality "1"]

1. e4 c5 2. Nc3 d6 3. d4 cxd4 4. Qxd4 Nc6 5. Bb5 Bd7 6. Bxc6 Bxc6 7. Bg5 e5 8. Qd2 Nf6 9. f3 h6 10. Bxf6 Qxf6 11. Nge2 Be7 12. Ng3 Rd8 13. Nd5 Bxd5 14. Qxd5 Rd7 15. 0-0 Qe6 16. Rad1 Qxd5 17. Rxd5 g6 18. Rfd1 Rc7 19. c3 0-0 20. Kf2 Rfc8 21. Nf1 Rc5 22. Ne3 Rxd5 23. Nxd5 Kf8 24. g3 f6 25. h4 h5 26. f4 exf4 27. Nxf4 Kf7 28. Kf3 Rc5 29. Rd5 Rxd5 30. Nxd5 g5 31. Ne3 Ke6 32. Nf5 Bf8 33. g4 hxg4+ 34. Kxg4 gxh4 35. Nxh4 Bh6 36. Nf3 Bc1 37. b3 d5 38. Nd4+ Ke5 39. exd5 Kxd5 40. Kf5 Bd2 41. Ne2 Bg5 42. Ng3 Bh4 43. Ne4 Be1 44. Nxf6+ Kc5 45. Ne4+ Kd5 46. c4+ Kd4 47. Nd6 Kc3 48. Nxb7 Kb2 49. c5 Kxa2 50. c6 Bg3 51. Ke6 Bc7 52. Nc5 Ka3 53. Kd5 Bb6 54. Kc4 Bc7 55. Na6 Bb6 56. b4 Bd8 57. c7 Bxc7 58. Nxc7 Ka4 59. Na6 Ka3 60. Kb5 Kb3 61. Nb8 Kc3 62. Nc6 1-0

[Event "Bad Woerishofen Seniors op 27th"]
[Site "Bad Woerishofen"]
[Date "2011.03.29"]
[Round "7"]
[White "Engbrecht, Helmut"]
[Black "Lutz, Albert"]
[Result "0-1"]
[WhiteElo "1936"]
[BlackElo "2166"]
[PlyCount "44"]
[EventDate "2011.03.24"]
[EventType "swiss"]
[EventRounds "9"]
[EventCountry "GER"]
[SourceTitle "EXT 2012"]
[Source "ChessBase"]
[SourceDate "2011.11.24"]
[SourceVersion "1"]
[SourceVersionDate "2011.11.24"]
[SourceQuality "1"]

1. e4 g6 2. d4 Bg7 3. Bc4 d6 4. Nc3 e6 5. Nf3 Ne7 6. Bb3 0-0 7. Bf4 d5 8. e5 b6 9. Ne2 c5 10. c3 Ba6 11. Ng3 Nbc6 12. dxc5 bxc5 13. Qd2 Qc7 14. Qe3 Qa5 15. 0-0-0 d4 16. cxd4 c4 17. Bc2 Nd5 18. Qd2 Qxa2 19. Ne2 Rab8 20. Bb1 Qa1 21. Be3 Ncb4 22. Ne1 Na2+ 0-1

[Event "Bad Woerishofen Seniors op 27th"]
[Site "Bad Woerishofen"]
[Date "2011.03.27"]
[Round "5"]
[White "Engbrecht, Helmut"]
[Black "Krieger, Hermann"]
[Result "0-1"]
[WhiteElo "1936"]
[BlackElo "2172"]
[PlyCount "46"]
[EventDate "2011.03.24"]
[EventType "swiss"]
[EventRounds "9"]
[EventCountry "GER"]
[SourceTitle "EXT 2012"]
[Source "ChessBase"]
[SourceDate "2011.11.24"]
[SourceVersion "1"]
[SourceVersionDate "2011.11.24"]
[SourceQuality "1"]

1. e4 c5 2. Nc3 Nc6 3. Nf3 g6 4. Be2 Bg7 5. 0-0 Nf6 6. Ne1 d5 7. exd5 Nxd5 8. Nxd5 Qxd5 9. Bf3 Qd6 10. d3 0-0 11. Rb1 e5 12. Bxc6 Qxc6 13. Qf3 Qc7 14. Qg3 Be6 15. b3 f5 16. f4 e4 17. Be3 Rad8 18. dxe4 fxe4 19. Qf2 Bd4 20. c4 Rxf4 21. Qxf4 Qxf4 22. Rxf4 Bxe3+ 23. Rf2 Rd2 0-1